Statistics for Most Successful Gymnasts of All Time

Click here to take the quiz!

General Stats

  • This quiz has been taken 99 times
    (93 since last reset)
  • The average score is 17 of 30

Answer Stats

RankYears ActiveCountry RepresentedMedal CountGymnast% Correct
21994-2004Russia11 Gold, 7 Silver, 2 Bronze= 20Svetlana Khorkina
85%
112005-2012United States4 Gold, 6 Silver, 1 Bronze= 11Nastia Liukin
82%
282007-2012United States3 Gold, 2 Silver, 0 Bronze= 5Shawn Johnson
81%
101991-2000United States6 Gold, 3 Silver, 2 Bronze= 11Shannon Miller
77%
151975-1981Romania6 Gold, 2 Silver, 1 Bronze= 9Nadia Comaneci
77%
121994-2000Romania4 Gold, 5 Silver, 2 Bronze= 11Simona Amanar
76%
11954-1966Soviet Union12 Gold, 8 Silver, 4 Bronze= 24Larisa Latynina
73%
171987-1997Soviet Union/Belarus4 Gold, 3 Silver, 2 Bronze= 9Svetlana Boginskaya
65%
51959-1968Czechoslovakia9 Gold, 4 Silver, 1 Bronze= 14Vera Caslavska
65%
301991-1992Soviet Union/Ukraine1 Gold, 3 Silver, 1 BronzeTatiana Gutsu
61%
262003-2012Romania2 Gold, 3 Silver, 1 Bronze= 6Catalina Ponor
60%
181970-1977Soviet Union3 Gold, 6 Silver, 0 Bronze= 9Olga Korbut
60%
291989-1997Hungary2 Gold, 3 Silver, 0 Bronze= 5Henrietta Onodi
58%
201993-1997Ukraine4 Gold, 4 Silver, 0 Bronze= 8Lilia Podkopayeva
58%
141990-2012USSR/Uzbekistan/Germany2 Gold, 5 Silver, 4 Bronze= 11Oksana Chusovitina
56%
41990-1997Romania6 Gold, 3 Silver, 6 Bronze= 15Gina Gogean
56%
71985-1991Romania9 Gold, 1 Silver, 2 Bronze= 12Daniela Silivas
53%
61990-1997Romania5 Gold, 3 Silver, 6 Bronze= 14Lavinia Milosovici
53%
81969-1979Soviet Union6 Gold, 4 Silver, 2 Bronze= 12Nellie Kim
53%
272003-2012United States2 Gold, 2 Sivler, 2 Bronze= 6Alicia Sacramone
53%
31968-1976Soviet Union6 Gold, 5 Silver, 4 Bronze= 15Ludmila Tourischeva
52%
91984-1988Soviet Union5 Gold, 4 Silver, 3 Bronze= 12Yelena Shushunova
48%
242004-2012China4 Gold, 0 Silver, 2 Bronze= 6Cheng Fei
48%
131983-1987Romania4 Gold, 5 Silver, 2 Bronze= 11Ecaterina Szabo
44%
251999-2009Russia4 Gold, 1 Silver, 1 Bronze= 6Elena Zamolodchikova
44%
161979-1985East Germany6 Gold, 2 Silver, 1 Bronze= 9Maxi Gnauck
42%
191937-1956Hungary5 Gold, 1 Silver, 2 Bronze= 8Agnes Keleti
24%
221967-1972East Germany3 Gold, 3 Silver, 1 Bronze= 7Karin Janz
24%
231956-1964Soviet Union2 Gold, 2 Silver, 3 Bronze= 7Polina Astakhova
18%
211965-1968Soviet Union4 Gold, 1 Silver, 3 Bronze= 8Natalia Kuchinskaya
13%

Score Distribution

Percentile by Number Answered

Percent of People with Each Score

Your Score History

You have not taken this quiz since the last reset